| 000 | 02282cam a2200385 i 4500 | ||
|---|---|---|---|
| 001 | 768714001 | ||
| 003 | CO-MdFUSB | ||
| 005 | 20210430182732.0 | ||
| 007 | ta | ||
| 008 | 131204t2014 mnu b 001 0 eng d | ||
| 010 | _a 2013955285 | ||
| 020 | _a9780814682647 (hardcover) | ||
| 020 | _a0814682642 (hardcover) | ||
| 040 |
_aYDXCP _beng _erda _cCO-MdFUSB _dBTCTA _dCO-MdFUSB _dMNF _dWIO _dSP1 _dOUP _dOCLCQ _dCLE _dOCLCF _dFPD* |
||
| 041 | 1 |
_aeng _hger |
|
| 082 |
_223 _a260 _bL833 |
||
| 100 | 1 |
_aLohfink, Gerhard, _d1934- _eautor |
|
| 245 | 1 | 0 |
_aNo irrelevant Jesus : _bon Jesus and the church today _c/ Gerhard Lohfink ; traducido por Linda M. Maloney. |
| 264 | 1 |
_aCollegeville, Minnesota : _bLiturgical Press, _c[2014] |
|
| 264 | 4 | _c© 2014 | |
| 300 |
_axi, 330 páginas ; _c24 cm. |
||
| 336 |
_atexto _btxt _2rdacontent. |
||
| 337 |
_asin mediación _bn _2rdamedia. |
||
| 338 |
_avolumen _bnc _2rdacarrier. |
||
| 504 | _aIncluye referencias bibliográficas (páginas 315-321) e índices. | ||
| 505 | _aAl no domesticar a Jesús - Jesús revoluciona el tiempo lineal - ¿Cómo se llenará el hambriento en el reino de Dios? - ¿Cómo sanó Jesús? - ¿Qué significa el mandamiento de amor? - No hay lugar para guerreros en nombre de Dios - ¿Murió Jesús por "muchos" o por "todos"? - ¿Cómo podría un individuo redimir al mundo entero? - Jesús y el pueblo destrozado de Dios - El canon y las muchas confesiones - Algunas ideas irónicas sobre el episcopado y la primacía - ¿Debe ser conservador el Papa? - ¿Qué constituye la "novedad" de la iglesia? - El nombre propio de la iglesia es "asamblea" - El desconocido Pablo - Cómo funciona un sacramento - Una catástrofe en la vida de David - En el sentido y sin sentido de las buenas intenciones - ¿Se ha privado a la iglesia del ayuno? - La oración como acceso a la realidad - ¿Qué distingue al cristianismo de las religiones? - ¿De dónde obtenemos nuestros "valores"? - El Magnificat: señal para una revolución - Fe: ¿cómo funciona? - La Biblia en mi vida como exégeta. | ||
| 563 | _aRústico | ||
| 650 | 7 |
_aCristología _9239 |
|
| 650 | 7 |
_aIglesia _9655 |
|
| 700 | 1 |
_aMaloney, Linda M. _etraductor |
|
| 942 | _cBK | ||
| 945 | _aJTF-925 | ||
| 999 |
_c66476 _d66476 |
||